Guerra de la Independencia (Record no. 173401)

MARC details
000 -LEADER
campo de control de longitud fija 00857nam a2200229 i 4500
001 - NÚMERO DE CONTROL
campo de control 173401
003 - IDENTIFICADOR DE NÚMERO DE CONTROL
campo de control ES-MaACL
005 - FECHA Y HORA DE LA ÚLTIMA TRANSACCIÓN
campo de control 20240229062732.0
008 - DATOS DE LONGITUD FIJA--INFORMACIÓN GENERAL
campo de control de longitud fija 091201m19641967sp |||| | spa d
080 ## - NÚMERO DE LA CLASIFICACIÓN DECIMAL UNIVERSAL
Número de la Clasificación Decimal Universal 946"1808/1814"(082)
100 0# - ENTRADA PRINCIPAL--NOMBRE DE PERSONA
Nombre de persona García Prado, Justiniano.
9 (RLIN) 55134
245 10 - MENCIÓN DEL TÍTULO
Título Guerra de la Independencia
Resto del título : estudios /
Mención de responsabilidad, etc. por J. García Prado, J. Godechot, M. Allué Salvador [et al.].
260 ## - PUBLICACIÓN, DISTRIBUCIÓN, ETC.
Lugar de publicación, distribución, etc. Zaragoza :
Nombre del editor, distribuidor, etc. Institución "Fernando el Católico",
Fecha de publicación, distribución, etc. 1964-67.
300 ## - DESCRIPCIÓN FÍSICA
Extensión 2 v. :
Otras características físicas il. ;
Dimensiones 24 cm.
505 8# - NOTA DE CONTENIDO CON FORMATO
Nota de contenido con formato Contiene: Estudios I y III
651 #4 - PUNTO DE ACCESO ADICIONAL DE MATERIA--NOMBRE GEOGRÁFICO
Nombre geográfico España-
Subdivisión general Historia-
Subdivisión cronológica 1808-1814, Guerra de la Independencia
9 (RLIN) 8244
700 1# - ENTRADA AGREGADA--NOMBRE PERSONAL
Nombre de persona Godechot, Jacques (
Fechas asociadas al nombre 1907-1989)
9 (RLIN) 57508
700 0# - ENTRADA AGREGADA--NOMBRE PERSONAL
Nombre de persona Allue Salvador, Miguel.
9 (RLIN) 20061
710 2# - ENTRADA AGREGADA--NOMBRE DE ENTIDAD CORPORATIVA
Nombre de entidad corporativa o nombre de jurisdicción como elemento de entrada Institución "Fernando el Católico"
9 (RLIN) 4721
852 ## - LOCALIZACIÓN
Ubicación ES-MaACL
Número de control de estantería P-1042-Ter
Holdings
Estatus retirado Estado de pérdida Estado de daño No para préstamo Biblioteca de origen Biblioteca actual Ubicación en estantería Fecha de adquisición Fuente de adquisición Total de préstamos Signatura topográfica completa Código de barras Visto por última vez Precio de reemplazo Tipo de ítem Koha
        Biblioteca del Ateneo de Madrid Biblioteca del Ateneo de Madrid Depósito 2 01/12/2009     P-1042-Ter 1181977 23/02/2023 23/02/2023 Libro impreso